Business Studies-XII (Record no. 11231)

MARC details
000 -LEADER
fixed length control field 00267nam a22000977a 4500
008 - FIXED-LENGTH DATA ELEMENTS--GENERAL INFORMATION
fixed length control field 181106b ||||| |||| 00| 0 eng d
020 ## - INTERNATIONAL STANDARD BOOK NUMBER
International Standard Book Number 9387516644
100 ## - MAIN ENTRY--PERSONAL NAME
Personal name Gandhi Poonam
9 (RLIN) 6983
245 ## - TITLE STATEMENT
Title Business Studies-XII
260 ## - PUBLICATION, DISTRIBUTION, ETC. (IMPRINT)
Place of publication, distribution, etc. New Delhi
Name of publisher, distributor, etc. VK Global Publications
Date of publication, distribution, etc. 2018-19
Holdings
Withdrawn status Lost status Source of classification or shelving scheme Damaged status Koha normalized classification for sorting Not for loan Home library Current library Shelving location Date acquired Total Checkouts Total Renewals Full call number Barcode Date last seen Date last checked out Price effective from Koha item type
    Dewey Decimal Classification   174_400000000000000   Good Samaritan School Library Good Samaritan School Library Business Studies 11/06/2018 5 1 174.4 GAN15186 11/27/2024 11/14/2024 11/06/2018 BOOK

Powered by Koha